| 000 | 00843cam a2200301I 4500 | ||
|---|---|---|---|
| 999 |
_c7009 _d7009 |
||
| 001 | 491504 | ||
| 003 | OSt | ||
| 005 | 20190122143515.0 | ||
| 008 | 750425s1950 nyu 000 0 eng c | ||
| 010 | _a 50007627 | ||
| 035 | _a(OCoLC)ocm01298509 | ||
| 035 | _a491504 | ||
| 040 |
_aITD _beng _erda _cITD |
||
| 049 | _aPTSS | ||
| 050 | 0 |
_aBR121 _b.K45 1950 |
|
| 082 |
_a248 _bK35L |
||
| 100 | 1 |
_aKennedy, Gerald, _d1907-1980. |
|
| 245 | 1 | 4 |
_aThe lion and the lamb; _bparadoxes of the Christian faith. |
| 264 | 1 |
_aNew York : _bAbingdon-Cokesbury Press, _c[1950] |
|
| 300 |
_a233 pages ; _c21 cm |
||
| 336 |
_atext _btxt _2rdacontent |
||
| 337 |
_aunmediated _bn _2rdamedia |
||
| 338 |
_avolume _bnc _2rdacarrier |
||
| 650 | 0 |
_aChristianity _xEssence, genius, nature. |
|
| 650 | 0 | _aParadoxes. | |
| 942 |
_2ddc _cBK |
||
| 945 | _aMARCIVE20181205 | ||